[Event "Muensterland Verbandsklasse-A 0910"]
[Site "Germany"]
[Date "2010.01.09"]
[Round "5.3"]
[White "Lachmuth, Mathias"]
[Black "Farwick, Christian"]
[Result "1/2-1/2"]
[WhiteElo "1726"]
[BlackElo "1855"]
[PlyCount "130"]
[EventDate "2009.09.19"]
[EventType "team-tourn"]
[EventRounds "9"]
[EventCountry "GER"]
[SourceTitle "EXT 2011"]
[Source "ChessBase"]
[SourceDate "2010.11.26"]
[SourceVersion "1"]
[SourceVersionDate "2010.11.26"]
[SourceQuality "1"]
[WhiteTeam "Emsdetten Rochade II"]
[BlackTeam "Borken"]
[WhiteTeamCountry "GER"]
[BlackTeamCountry "GER"]

1. Nf3 d5 2. b3 Nf6 3. Bb2 Bf5 4. e3 e6 5. d4 Nbd7 6. Bd3 Bg6 7. Nbd2 c6 8. Qe2 Bd6 9. Ne5 Qe7 10. Nxd7 Nxd7 11. Nf3 Bh5 12. Qd2 a5 13. Be2 f6 14. 0-0 0-0 15. c4 a4 16. c5 Bc7 17. b4 e5 18. Nxe5 fxe5 19. Bxh5 exd4 20. Bg4 dxe3 21. Qxe3 Qxe3 22. fxe3 Ne5 23. Rxf8+ Kxf8 24. Be2 Ke7 25. Bd4 Ke6 26. Rb1 g6 27. b5 Rb8 28. Rb4 a3 29. b6 Bd8 30. Ra4 Be7 31. Rxa3 h5 32. Rc3 Ra8 33. a3 Nd7 34. Bd3 g5 35. Be2 g4 36. h3 gxh3 37. Bxh5 Rg8 38. g4 Nf6 39. Bxf6 Bxf6 40. Rb3 Be5 41. e4 h2+ 42. Kh1 dxe4 43. Re3 Rd8 44. Re1 e3 45. g5 Kf5 46. Rxe3 Rd5 47. g6 Rd8 48. a4 Ra8 49. Bd1 Rd8 50. Bb3 Rd7 51. Bc2+ Kf6 52. Rf3+ Kg7 53. a5 Bb8 54. Rf7+ Rxf7 55. gxf7 Kxf7 56. Bf5 Be5 57. Bc8 Bd4 58. Bxb7 Bxc5 59. Bxc6 Bg1 60. b7 Ba7 61. Kxh2 Ke7 62. Kg3 Kd6 63. Bb5 Kc7 64. a6 Kb8 65. Kf4 Bg1 1/2-1/2

[Event "Muensterland Verbandsklasse-B 0809"]
[Site "Germany"]
[Date "2009.05.02"]
[Round "9.3"]
[White "Farwick, Christian"]
[Black "Lachmuth, Mathias"]
[Result "1/2-1/2"]
[WhiteElo "1835"]
[BlackElo "1718"]
[PlyCount "55"]
[EventDate "2008.09.13"]
[EventType "team-tourn"]
[EventRounds "9"]
[EventCountry "GER"]
[SourceTitle "EXT 2010"]
[Source "ChessBase"]
[SourceDate "2010.11.25"]
[SourceVersion "1"]
[SourceVersionDate "2010.11.25"]
[SourceQuality "1"]
[WhiteTeam "Borken"]
[BlackTeam "Emsdetten Rochade II"]
[WhiteTeamCountry "GER"]
[BlackTeamCountry "GER"]

1. Nf3 Nf6 2. d4 e6 3. Bf4 b6 4. e3 Bb7 5. Nbd2 d5 6. c3 Bd6 7. Bd3 0-0 8. Ne5 Nbd7 9. Ndf3 Bxe5 10. Nxe5 Nxe5 11. Bxe5 c5 12. 0-0 Rc8 13. Qf3 a6 14. g4 Ne4 15. Bxe4 dxe4 16. Qg2 cxd4 17. exd4 Qg5 18. Qg3 f5 19. gxf5 Qxg3+ 20. fxg3 exf5 21. Kf2 b5 22. a3 Bd5 23. Ke3 Bb3 24. Rf2 g6 25. Raf1 Bc4 26. Rd1 Bb3 27. Rdf1 Bc4 28. Rd1 1/2-1/2